000 00817nam a22002777a 4500
003 CHAP
005 20220817043309.0
008 971013s1962 r 00010 d
010 _a71040
011 _a72012
035 _a81566
040 _cCHAP
082 _a338.9
_bG28
100 0 0 _aGalbraith, John Kenneth.
_944212
245 _aEconomic development in perspective
260 _aCambridge :
_bHarvard University,
_c1962
300 _a76 p.
590 _aBATCH-UPD
_b10
_c20130110
_lUCH01
_h1028
590 _aBATCH-UPD
_b10
_c20130410
_lUCH01
_h0631
590 _aBATCH-UPD
_b10
_c20130914
_lUCH01
_h1151
590 _aCONVERSION
_b10
_c20130109
_lUCH01
_h1339
650 1 4 _aDesarrollo económico.
901 _aBK
942 _cLIBRO
949 _a338.9 G28
_bBC
_cLIBRO
_d33724000418257
_eLIBRO
_h6427
_i81566
_mD
_si
999 _c71040
_d71040